Lịch sử thế giới hiện đại; T4 Từ 1945 đến 1995

Phần 4: Các nước á, Phi, Mỹ Latin sau chiến tranh thế giới thứ 2: 1945 - 1995; Phần 5: Phong trào cộng sản quốc tế: 1945 - 1995; Phần 6: Cuộc cách mạng khoa học kĩ thuật sau chiến tranh thế giới thứ 2.

Wedi'i Gadw mewn:
Manylion Llyfryddiaeth
Prif Awdur: Nguyễn Anh Thái
Fformat: Llyfr
Iaith:Undetermined
Cyhoeddwyd: Hà Nội Giáo dục 1996
Pynciau:
Tagiau: Ychwanegu Tag
Dim Tagiau, Byddwch y cyntaf i dagio'r cofnod hwn!
Thư viện lưu trữ: Trung tâm Học liệu Trường Đại học Cần Thơ
LEADER 00999nam a2200217Ia 4500
001 CTU_19522
008 210402s9999 xx 000 0 und d
020 |b 78.000đ/bộ 4c 
082 |a 940.55 
082 |b Th103/T4 
100 |a Nguyễn Anh Thái 
245 0 |a Lịch sử thế giới hiện đại; T4 
245 0 |b Từ 1945 đến 1995 
245 0 |c Nguyễn Anh Thái, Trần Thị Vinh, Đặng Thanh Toàn, Đỗ Thanh Bình 
260 |a Hà Nội 
260 |b Giáo dục 
260 |c 1996 
520 |a Phần 4: Các nước á, Phi, Mỹ Latin sau chiến tranh thế giới thứ 2: 1945 - 1995; Phần 5: Phong trào cộng sản quốc tế: 1945 - 1995; Phần 6: Cuộc cách mạng khoa học kĩ thuật sau chiến tranh thế giới thứ 2. 
650 |a world history - 1945 - 1995 
904 |i Nguyễn Quang Điền, 971030 
980 |a Trung tâm Học liệu Trường Đại học Cần Thơ